Statistics for All FNaF 2 Characters

Click here to take the quiz!

General Stats

  • This quiz has been taken 120 times
  • The average score is 12 of 17

Answer Stats

Answer% Correct
Toy Bonnie
95%
Toy Freddy
95%
Toy Chica
94%
Mangle
89%
Marionette/Puppet
89%
Withered Foxy
89%
Withered Bonnie
87%
Withered Chica
87%
Withered Freddy
87%
Shadow Bonnie
85%
Shadow Freddy
84%
Withered Golden Freddy
84%
BB
75%
JJ
73%
Phone Guy
15%
Jeremy
14%
Fritz
6%

Score Distribution

Percentile by Number Answered

Percent of People with Each Score

Your Score History

You have not taken this quiz